[Event "Hannover-ch A/B"]
[Site "Lehrte"]
[Date "2006.10.14"]
[Round "2"]
[White "Lieberum, Bodo"]
[Black "Luttmann, Sebastian"]
[Result "1/2-1/2"]
[WhiteElo "1375"]
[BlackElo "1180"]
[PlyCount "92"]
[EventDate "2006.10.14"]
[EventType "swiss"]
[EventRounds "7"]
[EventCountry "GER"]
[SourceTitle "EXT 2021"]
[Source "ChessBase"]
[SourceDate "2020.10.23"]
[SourceVersion "1"]
[SourceVersionDate "2020.10.23"]
[SourceQuality "1"]

1. e4 d5 2. exd5 Qxd5 3. Nc3 Qa5 4. Bc4 c6 5. Qf3 Nf6 6. d3 h6 7. h3 Bf5 8. Nge2 e6 9. a3 Nbd7 10. Bf4 Ne5 11. Bxe5 Qxe5 12. 0-0 Bd6 13. Ng3 0-0 14. Qe3 Qxe3 15. fxe3 Bxg3 16. e4 Bg6 17. Ne2 Bc7 18. Rae1 Be5 19. d4 Nxe4 20. Rd1 Bc7 21. Bd3 e5 22. dxe5 Bxe5 23. Rfe1 Bxb2 24. Nf4 Bd4+ 25. Kh2 Nf2 26. Nxg6 Nxd1 27. Nxf8 Rxf8 28. Rxd1 Bb2 29. a4 f5 30. Rb1 Be5+ 31. Kg1 b6 32. Re1 Bd6 33. Re6 Bc5+ 34. Kf1 f4 35. Rxc6 f3 36. Bc4+ Kh8 37. Bd3 f2 38. Re6 Rd8 39. Re4 g5 40. Re6 Kg7 41. Rg6+ Kh7 42. Rxb6+ Kg8 43. Rxh6 Re8 44. Bc4+ Kg7 45. Re6 Rb8 46. Bb3 Rd8 1/2-1/2